[Event "Druzynowe Mistrzostwa Polski Juniorow - I Liga 2023"]
[Site "Lublin"]
[Date "1899-12-30"]
[Round "3.57"]
[White "Morozov, Artem"]
[Black "Kisiel, Dominik"]
[Result "1/2-1/2"]
[WhiteTitle "II+"]
[BlackTitle "II"]
[WhiteElo "1370"]
[BlackElo "1343"]

1. e4 c5 2. Nc3 d6 3. g3 Nf6 4. Bg2 g6 5. d3 Bg7 6. h3 O-O 7. Bg5 Nc6 8. Qd2 Bd7
9. Bh6 Rb8 10. Bxg7 Kxg7 11. f4 e6 12. Nf3 b5 13. g4 b4 14. Ne2 a5 15. Ng3 a4
16. O-O b3 17. axb3 axb3 18. c3 Ra8 19. f5 exf5 20. gxf5 Qb6 21. h4 Ne5 22. h5
Ra2 23. h6+ Kg8 24. Qg5 Qd8 25. Nxe5 dxe5 26. Rxa2 bxa2 27. fxg6 fxg6 28. Qxe5
Qa8 29. Ra1 Rf7 30. Qxc5 Qb8 31. Qe3 Ng4 32. Qe1 Qxb2 33. e5 Rf2 34. Bd5+ Kf8
35. Rxa2 Rg2+ 36. Bxg2 Qxa2 37. d4 Qb2 38. e6 Bxe6 39. Qxe6 Qf2+ 40. Kh1 Qxg3
41. Qc8+ Ke7 42. Qb7+ Kf6 43. Qf3+ Qxf3 44. Bxf3 Nxh6 45. Be4 Ng4 46. Kg2 Ne3+
47. Kf3 Nc4 48. Bd5 Nb6 49. Bg8 h5 50. c4 Kf5 51. c5 Nc8 52. d5 Ke5 53. d6 Nxd6
54. cxd6 Kxd6 55. Bf7 Ke5 1/2-1/2

[Event "Druzynowe Mistrzostwa Polski Juniorow - I Liga 2023"]
[Site "Lublin"]
[Date "1899-12-30"]
[Round "3.58"]
[White "Bombinski, Michal"]
[Black "Koziel, Leon"]
[Result "1-0"]
[WhiteTitle "II"]
[BlackTitle "III"]
[WhiteElo "1248"]
[BlackElo "1008"]

1. d4 d5 2. Nf3 Nc6 3. c3 Nf6 4. Bg5 e6 5. Nbd2 h6 6. Bh4 b6 7. e3 Bd6 8. Bb5 Bd7
9. O-O g5 10. Bg3 Bxg3 11. fxg3 Qe7 12. Qa4 Nd8 13. Ne5 Bxb5 14. Qxb5+ Nd7 15.
Rxf7 Nxf7 16. Ng6 Qf6 17. Nxh8 Qxh8 18. Qc6 Ke7 19. Rf1 Qe8 20. e4 Rc8 21. exd5
e5 22. Qe6+ Kf8 23. Qxh6+ Kg8 24. Qg6+ Kf8 25. Ne4 Ke7 26. Qe6+ Kd8 27. Rxf7 exd4
28. cxd4 Nf8 29. Qf6+ Qe7 30. Qxe7# 1-0

[Event "Druzynowe Mistrzostwa Polski Juniorow - I Liga 2023"]
[Site "Lublin"]
[Date "1899-12-30"]
[Round "3.59"]
[White "Giemza, Julia"]
[Black "Kicinska, Magdalena"]
[Result "1/2-1/2"]
[WhiteTitle "I+"]
[BlackTitle "I++"]
[WhiteElo "1577"]
[BlackElo "1562"]

1. e4 c6 2. d4 d5 3. exd5 cxd5 4. Bd3 Nc6 5. c3 Nf6 6. Bf4 Bg4 7. Qb3 Qc8 8. Nd2
e6 9. Ngf3 Be7 10. O-O O-O 11. Rae1 a6 12. a4 Bh5 13. Qc2 Bg6 14. Bxg6 hxg6 15.
Qd3 Nh5 16. Bg5 Bd6 17. Nb3 Rb8 18. Bc1 b5 19. axb5 Rxb5 20. Nbd2 Nf4 21. Qe3
Ne7 22. Ne5 g5 23. g3 f6 24. gxf4 gxf4 25. Qxf4 fxe5 26. Qh4 e4 27. Kh1 Rf4 28.
Qg5 Nf5 29. Rg1 Rxf2 30. Nf1 Qc7 31. Rg2 Rxg2 32. Kxg2 Be7 33. Qg4 Nh4+ 34. Kh1
Rb6 35. Bf4 Qc8 36. Be5 Qf8 37. Nd2 Rxb2 38. Qxe6+ Kh7 39. Rg1 g6 40. Rf1 Nf5
41. Rg1 Nh4 42. Rf1 Nf5 43. Rg1 Nh4 1/2-1/2

[Event "Druzynowe Mistrzostwa Polski Juniorow - I Liga 2023"]
[Site "Lublin"]
[Date "1899-12-30"]
[Round "3.60"]
[White "Kicinska, Anna"]
[Black "Opala, Natalia"]
[Result "1-0"]
[WhiteTitle "I++"]
[BlackTitle "I"]
[WhiteElo "1424"]
[BlackElo "1202"]

1. d4 d5 2. Nf3 Nf6 3. c3 e6 4. Bg5 Be7 5. e3 O-O 6. Bd3 b6 7. Nbd2 Bb7 8. Ne5
h6 9. Bxf6 Bxf6 10. Ndf3 Nd7 11. O-O Nxe5 12. Nxe5 c5 13. f4 Rc8 14. Rc1 Qc7 15.
Rf3 Bxe5 16. fxe5 a6 17. Bb1 b5 18. Qc2 g6 19. Rcf1 cxd4 20. exd4 b4 21. Rg3 bxc3
22. Rf6 cxb2 23. Rfxg6+ fxg6 24. Qxg6+ 1-0

[Event "Druzynowe Mistrzostwa Polski Juniorow - I Liga 2023"]
[Site "Lublin"]
[Date "1899-12-30"]
[Round "4.1"]
[White "Wieczorek, Mikolaj"]
[Black "Jedraszek, Pawel"]
[Result "0-1"]
[WhiteTitle "I++"]
[BlackTitle "I++"]
[WhiteElo "1962"]
[BlackElo "2057"]

1. e4 c5 2. Nf3 e6 3. d4 cxd4 4. Nxd4 Nc6 5. Nc3 Qc7 6. g3 a6 7. Bg2 Nf6 8. O-O
Nxd4 9. Qxd4 Bc5 10. Qd1 h6 11. Qe2 e5 12. Na4 Ba7 13. c4 b5 14. cxb5 axb5 15.
Nc3 Ba6 16. Kh1 Bd4 17. Nd5 Nxd5 18. exd5 b4 19. d6 Qxd6 20. Qe4 O-O 21. Rd1 Bb5
22. Rxd4 exd4 23. Bf4 Qb6 24. Rd1 Rxa2 25. Qd5 Rxb2 26. Bd6 Bc6 27. Qe5 Bxg2+
28. Kxg2 Qc6+ 29. Kg1 Rc8 30. Qxd4 Rc2 31. Qxb4 Qf3 0-1

[Event "Druzynowe Mistrzostwa Polski Juniorow - I Liga 2023"]
[Site "Lublin"]
[Date "1899-12-30"]
[Round "4.2"]
[White "Ugorek, Kacper"]
[Black "Nagly, Wojciech"]
[Result "0-1"]
[WhiteTitle "I"]
[BlackTitle "I"]
[WhiteElo "1846"]
[BlackElo "1817"]

1. d4 d5 2. c4 e6 3. Nf3 Nf6 4. g3 Be7 5. Bg2 O-O 6. O-O dxc4 7. Qc2 a6 8. a4 Bd7
9. Qxc4 b5 10. Qd3 Bc6 11. Ne5 Bxg2 12. Kxg2 Qd5+ 13. Nf3 b4 14. Bg5 h6 15. Bxf6
Bxf6 16. Nbd2 c5 17. dxc5 Qxd3 18. exd3 Nc6 19. Nc4 Rfd8 20. Rfd1 Nd4 21. Nxd4
Bxd4 22. Rac1 Bxc5 23. b3 Bd4 24. Kf3 Bc3 25. Ke3 Ra7 26. Nd2 Rad7 27. Ne4 Bd4+
28. Ke2 Rd5 29. Rc6 a5 30. Rdc1 f5 31. Nd2 Bc3 32. Nb1 Bf6 33. Rxe6 Rxd3 34. Re3
R3d4 35. Rc2 f4 36. gxf4 Rxf4 37. Nd2 Bc3 38. Ne4 Rdf8 39. f3 Rh4 40. Kf1 Bd4
41. Ree2 Rxf3+ 42. Kg2 Rxb3 43. Rc8+ Kh7 44. Rc4 Rg4+ 45. Ng3 Rc3 46. Rxc3 Bxc3
47. Kf3 Rc4 48. Ne4 Bf6 49. Nxf6+ gxf6 50. Re7+ Kg6 51. Rb7 Rc3+ 52. Ke4 Ra3 53.
h4 h5 54. Ra7 Rxa4 55. Rf7 Kxf7 56. Kf5 Ra1 0-1

[Event "Druzynowe Mistrzostwa Polski Juniorow - I Liga 2023"]
[Site "Lublin"]
[Date "1899-12-30"]
[Round "4.3"]
[White "Gibala, Adam"]
[Black "Dobosiewicz, Dawid"]
[Result "1/2-1/2"]
[WhiteTitle "I"]
[BlackTitle "I+"]
[WhiteElo "1763"]
[BlackElo "1808"]

1. d4 f5 2. e4 fxe4 3. Nc3 Nf6 4. Bg5 c6 5. Bxf6 exf6 6. Nxe4 d5 7. Ng3 Qe7+ 8.
Qe2 Qxe2+ 9. Bxe2 Bd6 10. O-O-O O-O 11. Nf3 b6 12. Rhe1 g6 13. c3 Na6 14. Nf1
Nc7 15. Ne3 Be6 16. g3 Rae8 17. Ng1 Bd7 18. Bf1 g5 19. Ng2 Rxe1 20. Nxe1 Re8 21.
Bh3 Bxh3 22. Nxh3 c5 23. Nc2 cxd4 24. Nxd4 Bc5 25. Ng1 Bxd4 26. Rxd4 h5 27. Kd2
Rd8 28. Ne2 Ne6 29. Rb4 Nc5 30. f3 Kf7 31. Nd4 g4 32. Nc6 Rd6 33. Nd4 Rd8 34.
fxg4 hxg4 35. Nf5 Rh8 36. Nh4 f5 37. Rd4 Ke6 38. Ke3 Rh5 39. b4 Nd7 40. c4 dxc4
41. Rxc4 Kd6 42. Rd4+ Ke6 43. Kf4 Nf6 44. Ke3 Ke5 45. Ke4+ 1/2-1/2

[Event "Druzynowe Mistrzostwa Polski Juniorow - I Liga 2023"]
[Site "Lublin"]
[Date "1899-12-30"]
[Round "4.4"]
[White "Goralski, Mateusz"]
[Black "Dobrowolski, Kamil"]
[Result "1/2-1/2"]
[WhiteTitle "II"]
[BlackTitle "II"]
[WhiteElo "1353"]
[BlackElo "1539"]

1. e4 c5 2. Nf3 Nc6 3. Bb5 d6 4. c3 Nf6 5. d3 Bd7 6. O-O g6 7. Re1 Bg7 8. h3 O-O
9. d4 Rc8 10. d5 Ne5 11. Bxd7 Nfxd7 12. Nxe5 Nxe5 13. f4 Nd7 14. Nd2 b5 15. Nf3
Qc7 16. Qe2 b4 17. c4 a5 18. e5 Nb6 19. Bd2 Rce8 20. Qd3 Bh6 21. Re2 f6 22. Rae1
dxe5 23. fxe5 Bg7 24. exf6 Bxf6 25. Bg5 Qd7 26. Re6 Nc8 27. Ne5 Bxe5 28. R1xe5
Rf7 29. Bh6 Nd6 30. g4 Qa4 31. Re1 Rd8 32. Rxe7 Rxe7 33. Rxe7 Qxa2 34. Qe2 1/2-1/2

[Event "Druzynowe Mistrzostwa Polski Juniorow - I Liga 2023"]
[Site "Lublin"]
[Date "1899-12-30"]
[Round "4.5"]
[White "Kulczycka, Zofia"]
[Black "Barwinska, Ewa"]
[Result "0-1"]
[WhiteTitle "I+"]
[BlackTitle "WCM"]
[WhiteElo "1470"]
[BlackElo "1953"]

1. e4 c5 2. Nf3 d6 3. d4 cxd4 4. Nxd4 Nf6 5. Nc3 a6 6. Be3 e5 7. Nf3 Qc7 8. a4
Nbd7 9. a5 Be7 10. Nd2 Nc5 11. f3 Be6 12. Nc4 Ncd7 13. Nd5 Nxd5 14. exd5 Bf5 15.
Bd3 Bxd3 16. Qxd3 Rc8 17. b3 Bh4+ 18. g3 Bf6 19. Rd1 h5 20. O-O h4 21. Kg2 g6
22. Qd2 Kf8 23. Qb4 Be7 24. Rc1 Kg7 25. Nd2 Nc5 26. Qb6 Qd7 27. Rh1 h3+ 28. Kf2
Qf5 29. Bxc5 Rxc5 30. Ne4 Rxd5 31. Qxb7 Qe6 32. Rhd1 Rxa5 33. Qb6 Rd5 34. Qxa6
Rxd1 35. Rxd1 Rd8 36. b4 f5 37. Nd2 Qd5 38. Qc4 Qxc4 39. Nxc4 Rc8 40. Na3 Rc3
41. Nb1 Rxc2+ 42. Rd2 Rxd2+ 43. Nxd2 d5 44. b5 Bc5+ 45. Ke2 Kf6 46. g4 fxg4 47.
fxg4 e4 48. Nf1 Ke5 49. Kd2 Kf4 50. Ke2 d4 51. Ng3 d3+ 52. Kd2 Kf3 53. Kc3 Bb4+
54. Kb2 e3 0-1

[Event "Druzynowe Mistrzostwa Polski Juniorow - I Liga 2023"]
[Site "Lublin"]
[Date "1899-12-30"]
[Round "4.6"]
[White "Skorupa, Antonina"]
[Black "Klintsevich, Aliaksandra"]
[Result "0-1"]
[WhiteTitle "I"]
[BlackTitle "I"]
[WhiteElo "1203"]
[BlackElo "1437"]

1. c4 c5 2. Nf3 Nc6 3. g3 g6 4. Bg2 Bg7 5. O-O e6 6. Nc3 d5 7. e3 d4 8. Ne4 b6
9. Qa4 Nge7 10. exd4 cxd4 11. d3 O-O 12. c5 bxc5 13. Nxc5 Qb6 14. Nb3 Rb8 15.
Bd2 Ba6 16. Nfxd4 Nxd4 17. Nxd4 Bxd4 18. Ba5 Qd6 19. Rac1 Rfc8 20. Rxc8+ Bxc8
21. Rc1 Rxb2 22. Qe8+ Kg7 23. Bd8 Bxf2+ 24. Kh1 Nf5 25. Bc7 Qd4 26. Ba5 Qg4 27.
Bc3+ Bd4 28. Bxd4+ Qxd4 29. Qxc8 Ne3 30. Be4 Ng4 31. Qc3 Rxh2# 0-1

[Event "Druzynowe Mistrzostwa Polski Juniorow - I Liga 2023"]
[Site "Lublin"]
[Date "1899-12-30"]
[Round "4.7"]
[White "Dziendziel, Mateusz"]
[Black "Klim, Filip"]
[Result "1-0"]
[WhiteTitle "I++"]
[BlackTitle "k"]
[WhiteElo "2091"]
[BlackElo "1988"]

1. e4 c5 2. Nf3 d6 3. d4 cxd4 4. Nxd4 Nf6 5. Nc3 a6 6. f3 e5 7. Nb3 Be6 8. Be3
Be7 9. Qd2 O-O 10. O-O-O Nbd7 11. g4 b5 12. g5 Nh5 13. Kb1 Nb6 14. Nd5 Nxd5 15.
exd5 Bf5 16. Na5 Qd7 17. Nc6 Rfe8 18. Qb4 Bf8 19. Rg1 g6 20. Be2 Bg7 21. Bd3 Bxd3
22. Rxd3 Bf8 23. Ra3 Ng7 24. Qg4 Qf5 25. Qe4 Rec8 26. h4 Rc7 27. Bd2 Be7 28. Bb4
Kf8 29. Re1 Ne8 30. Rc3 Qxe4 31. fxe4 f5 32. exf5 gxf5 33. Rf3 f4 34. c3 Kf7 35.
Kc2 Bf8 36. Ba5 Rcc8 37. Kd3 Kg6 38. Ke4 Ng7 39. Bb6 Nh5 40. Bf2 Rc7 41. b3 Be7
42. c4 h6 43. c5 hxg5 44. cxd6 Bxd6 45. hxg5 Re8 46. Rh3 Rh7 47. Reh1 Kxg5 48.
Bh4+ Kg6 49. a4 b4 50. a5 Kf7 51. R1h2 Kf8 52. Nd8 Ng7 53. Bf6 Rxh3 54. Rxh3 Kg8
55. Nc6 Kf8 56. Bxe5 Bxe5 57. Nxe5 Ke7 58. Rh7 Kd6 59. Rh6+ Kc5 60. Rc6+ Kb5 61.
Kxf4 Kxa5 62. Nc4+ Kb5 63. Nd6+ Ka5 64. Nxe8 Nxe8 65. Ke5 Kb5 66. Rc8 Ng7 67.
Rg8 Nh5 68. Rg5 1-0

[Event "Druzynowe Mistrzostwa Polski Juniorow - I Liga 2023"]
[Site "Lublin"]
[Date "1899-12-30"]
[Round "4.8"]
[White "Bartodziej, Bartosz"]
[Black "Herwy, Jakub"]
[Result "0-1"]
[WhiteTitle "I+"]
[BlackTitle "I++"]
[WhiteElo "1836"]
[BlackElo "1826"]

1. e4 d6 2. d4 Nf6 3. Nc3 c6 4. f4 Qa5 5. Bd3 e5 6. Nf3 exd4 7. Nxd4 g6 8. Qf3
Bg7 9. Nb3 Qc7 10. O-O O-O 11. Bd2 Re8 12. Rae1 Nbd7 13. a4 a6 14. a5 c5 15. Bc4
b5 16. axb6 Nxb6 17. e5 Bb7 18. Qd3 dxe5 19. fxe5 Rxe5 20. Rxe5 Qxe5 21. Bf4 Qh5
22. Na5 Nxc4 23. Qxc4 Bc8 24. Na4 Bd7 25. Nc3 Be6 26. Qd3 Nd5 27. Ne4 Nxf4 28.
Rxf4 Qe5 29. Qf3 Qxb2 30. Nf6+ Bxf6 31. Qxa8+ Kg7 32. Qxa6 Qxc2 33. Qf1 Be5 34.
Rc4 Bxc4 35. Nxc4 Qe4 36. Kh1 Qf4 37. Qxf4 Bxf4 38. g3 Bc7 39. Ne3 Be5 40. Kg2
Kf6 41. Kf3 Ke6 42. h3 Bd4 43. Nc2 Kd5 44. g4 f6 45. Na3 c4 46. Ke2 f5 47. gxf5
gxf5 48. Nc2 Bc5 49. Kf3 c3 50. Ne1 Kc4 51. Ke2 Kb3 52. Nd3 Bd6 53. Nc1+ Kb2 54.
Nd3+ Kb1 55. h4 c2 56. Kd2 Bf4+ 0-1

[Event "Druzynowe Mistrzostwa Polski Juniorow - I Liga 2023"]
[Site "Lublin"]
[Date "1899-12-30"]
[Round "4.9"]
[White "Baran, Szymon"]
[Black "Nawalaniec, Adam"]
[Result "0-1"]
[WhiteTitle "II+"]
[BlackTitle "I++"]
[WhiteElo "1343"]
[BlackElo "1926"]

1. e4 c5 2. Nf3 d6 3. d4 cxd4 4. Nxd4 Nf6 5. Nc3 a6 6. Bg5 e6 7. f4 Be7 8. Qf3
Nbd7 9. O-O-O Qc7 10. g4 b5 11. a3 Bb7 12. Bxf6 gxf6 13. Bg2 Rc8 14. Qe2 Nb6 15.
f5 e5 16. Nb3 Nc4 17. Nd2 Nxb2 18. Ndb1 Nxd1 19. Rxd1 Qc4 20. Qxc4 Rxc4 21. Nd5
Bxd5 22. Rxd5 h5 23. h3 hxg4 24. hxg4 Rh2 25. Rd2 d5 26. exd5 Rxg4 27. Bf1 Rxd2
28. Kxd2 Rd4+ 29. Ke3 Rxd5 30. c3 Rd1 31. Bd3 Bc5+ 32. Ke2 Rh1 33. Kd2 Ke7 34.
Kc2 Kd6 35. Kb3 Rh3 36. Be4 Re3 37. Nd2 Re2 38. Kc2 Be3 0-1

[Event "Druzynowe Mistrzostwa Polski Juniorow - I Liga 2023"]
[Site "Lublin"]
[Date "1899-12-30"]
[Round "4.10"]
[White "Klim, Juliusz"]
[Black "Figa, Karolina"]
[Result "1-0"]
[WhiteTitle "I+"]
[BlackTitle "I++"]
[WhiteElo "1708"]
[BlackElo "1391"]

1. e4 c6 2. d4 d5 3. Nc3 dxe4 4. Nxe4 Nf6 5. Nxf6+ exf6 6. c3 Bd6 7. Bd3 O-O 8.
Qc2 Re8+ 9. Ne2 h6 10. O-O Qc7 11. Ng3 Nd7 12. c4 Nf8 13. Be3 Be6 14. Rac1 Rad8
15. Rfd1 Bg4 16. Be2 Bxe2 17. Qxe2 Ng6 18. Qg4 Bf4 19. Re1 Qa5 20. Qf5 b5 21.
a3 Bxe3 22. fxe3 Qd2 23. Qf2 Qxf2+ 24. Kxf2 Re6 25. Red1 bxc4 26. Rxc4 f5 27.
Nxf5 Rf6 28. g4 Ne7 29. Kg3 Nd5 30. e4 Rxf5 31. gxf5 Ne3 32. Rdc1 Nxc4 33. Rxc4
f6 34. Kf4 Kf7 35. Rxc6 Rxd4 36. Rc7+ Kf8 37. Rxa7 Rd2 38. Rb7 Rxh2 39. a4 Rh1
40. a5 1-0

[Event "Druzynowe Mistrzostwa Polski Juniorow - I Liga 2023"]
[Site "Lublin"]
[Date "1899-12-30"]
[Round "4.11"]
[White "Obrochta, Lena"]
[Black "Sprzeczka, Emilia"]
[Result "1-0"]
[WhiteTitle "I++"]
[BlackTitle "I++"]
[WhiteElo "1639"]
[BlackElo "1769"]

1. e4 c5 2. Nf3 d6 3. d4 cxd4 4. Nxd4 Nf6 5. Nc3 g6 6. Be2 Bg7 7. O-O O-O 8. Re1
Nc6 9. Nb3 a6 10. Bf1 b5 11. a4 b4 12. Nd5 Nxd5 13. exd5 Ne5 14. a5 Qc7 15. h3
Re8 16. f4 Nd7 17. Re4 Rb8 18. Ra4 Nc5 19. Rc4 Bd7 20. Raxb4 Bb5 21. Be3 Bxc4
22. Rxc4 Rec8 23. Nd4 Rxb2 24. Nc6 Qb7 25. Bxc5 dxc5 26. Rxc5 Bf6 27. Kh2 Ra8
28. Qf3 Kg7 29. Ne5 Rc8 30. Nc6 Bd4 31. Rc4 Bf6 32. Bd3 Rb1 33. g4 h6 34. Qe4
Rg8 35. Kg3 Qb2 36. Ne5 Qc1 37. Nf3 Ra1 38. Rc7 Qh1 39. d6 exd6 40. Qxg6+ Kf8
41. Qxf7# 1-0

[Event "Druzynowe Mistrzostwa Polski Juniorow - I Liga 2023"]
[Site "Lublin"]
[Date "1899-12-30"]
[Round "4.12"]
[White "Izafatava, Kira"]
[Black "Strzoda, Natalia"]
[Result "1-0"]
[WhiteTitle "I"]
[BlackTitle "I"]
[WhiteElo "1423"]
[BlackElo "1294"]

1. e4 c5 2. Nf3 Nc6 3. d4 cxd4 4. Nxd4 g6 5. c4 Bg7 6. Be3 d6 7. Nc3 Nf6 8. Be2
O-O 9. O-O Bd7 10. f3 Qb6 11. Na4 Qa5 12. Nc3 Rfc8 13. Qd2 Ne5 14. b3 Qc7 15.
Rac1 a5 16. Nd5 Nxd5 17. cxd5 Qd8 18. Nb5 a4 19. Rxc8 Rxc8 20. Na7 Ra8 21. bxa4
b6 22. Nb5 Rxa4 23. Qc2 Qa8 24. Nc3 Ra3 25. Bc1 Ra5 26. Qb3 Rc5 27. Ba3 Rc7 28.
Bb4 b5 29. Nxb5 Bxb5 30. Bxb5 Rb7 31. a4 Nd7 32. Kh1 Rc7 33. h3 Nc5 34. Bxc5 Rxc5
35. Bc6 Qa6 36. Rb1 h5 37. Qb8+ Kh7 38. Qe8 Qd3 39. Rg1 Qd2 40. Qxf7 Rc1 41. f4
Kh8 42. Be8 Rxg1+ 43. Kxg1 Bd4+ 44. Kh2 Qf2 45. Qf8+ Kh7 46. Qxe7+ Kh8 47. Qf8+
Kh7 48. Bxg6+ Kxg6 49. Qxd6+ Kg7 50. Qe7+ Kg8 51. Qe8+ Kg7 52. Qe7+ Kg8 53. Qg5+
Kf8 54. Qh6+ Kg8 55. Qe6+ Kg7 56. Qd7+ Kg8 57. Qc8+ Kg7 58. Qb7+ Kg8 59. Qb1 Qxf4+
60. Kh1 Qf2 61. d6 Kf7 62. Qb7+ Kf8 63. Qe7+ Kg8 64. Qg5+ Kf8 65. Qf5+ Qxf5 66.
exf5 Ke8 67. g4 hxg4 68. hxg4 Kd7 69. Kg2 Kxd6 70. Kh3 Bf6 71. a5 Bg5 72. Kg3
Kc5 73. Kf3 Kb5 74. Ke4 Kxa5 75. Ke5 Kb6 76. f6 Kc7 77. f7 Be7 78. g5 Kd7 79.
g6 Bf8 80. Kf6 1-0

[Event "Druzynowe Mistrzostwa Polski Juniorow - I Liga 2023"]
[Site "Lublin"]
[Date "1899-12-30"]
[Round "4.13"]
[White "Wydmanski, Szymon"]
[Black "Wnek, Filip"]
[Result "0-1"]
[WhiteTitle "I"]
[BlackTitle "I++"]
[WhiteElo "1804"]
[BlackElo "2057"]

1. e4 c5 2. Nf3 d6 3. d4 cxd4 4. Nxd4 Nf6 5. Nc3 a6 6. Be3 e6 7. f3 b5 8. Qd2 Nbd7
9. g4 Nb6 10. a3 Bb7 11. O-O-O Nfd7 12. Qf2 Rc8 13. Nb3 Rxc3 14. bxc3 Na4 15.
c4 bxc4 16. Bxc4 Qc7 17. Bd3 d5 18. Kd2 Bxa3 19. Ra1 Bb4+ 20. Ke2 Nc3+ 21. Kf1
dxe4 22. fxe4 Nxe4 23. Qf4 Bd6 0-1

[Event "Druzynowe Mistrzostwa Polski Juniorow - I Liga 2023"]
[Site "Lublin"]
[Date "1899-12-30"]
[Round "4.14"]
[White "Rainer, Piotr"]
[Black "Krupinski, Mikolaj"]
[Result "1/2-1/2"]
[WhiteTitle "I"]
[BlackTitle "I"]
[WhiteElo "1727"]
[BlackElo "1745"]

1. e4 c5 2. Nf3 Nc6 3. d4 cxd4 4. Nxd4 g6 5. Nc3 Bg7 6. Be3 Nf6 7. Bc4 O-O 8. Bb3
Re8 9. f3 e6 10. Qd2 d5 11. exd5 Nxd5 12. Nxd5 Nxd4 13. Bxd4 exd5+ 14. Kf1 Be6
15. Bxg7 Kxg7 16. Qd4+ Qf6 17. Rd1 Rac8 18. c3 Qxd4 19. Rxd4 Red8 20. Kf2 b5 21.
Rhd1 Rc5 22. h3 h5 23. a3 Kf6 24. Ba2 a5 25. R1d3 a4 26. Rd2 Ke7 27. Ke3 Rd7 28.
Bb1 Rc8 29. Rb4 Rb8 30. Bd3 Rdb7 31. g4 hxg4 32. hxg4 Bd7 33. Be2 Bc6 34. Kf4
f6 35. Bd3 g5+ 36. Kg3 Rh8 37. Bf5 Kd6 38. Re4 Re8 39. Red4 Rbb8 40. Bg6 Re5 1/2-1/2

[Event "Druzynowe Mistrzostwa Polski Juniorow - I Liga 2023"]
[Site "Lublin"]
[Date "1899-12-30"]
[Round "4.15"]
[White "Kania, Franciszek"]
[Black "Micula, Jakub"]
[Result "1/2-1/2"]
[WhiteTitle "I"]
[BlackTitle "I"]
[WhiteElo "1831"]
[BlackElo "1666"]

1. c4 e5 2. g3 Nc6 3. Bg2 f5 4. Nc3 Nf6 5. d3 Bb4 6. Bd2 O-O 7. Nf3 d6 8. O-O Bxc3
9. Bxc3 Qe8 10. b4 Qh5 11. b5 Ne7 12. c5 Ned5 13. Bb2 f4 14. cxd6 cxd6 15. Ba3
Rd8 16. Re1 Bh3 17. Bh1 Kh8 18. Rc1 g5 19. Qd2 Rd7 20. Rc2 Rf8 21. Nxe5 Rdd8 22.
Nc4 Be6 23. Bf3 Bg4 24. Nxd6 Bxf3 25. exf3 g4 26. fxg4 Nxg4 27. h4 fxg3 28. fxg3
Nge3 29. Rcc1 Rf3 30. Ne4 Qg4 31. Qb2+ Kg8 32. Qe5 h6 33. Bb2 Kh7 34. Rc5 Rdf8
35. Ng5+ Qxg5 36. Rc7+ Nxc7 37. Qxc7+ R8f7 38. Qxf7+ Rxf7 39. hxg5 Rf3 40. Re2
hxg5 41. Bd4 Nf5 42. Bf2 Rxd3 43. g4 Nd6 44. a4 Rd1+ 45. Kg2 Ra1 46. Re6 Nc4 47.
Re7+ Kg6 48. Rxb7 Rxa4 49. Rxa7 Rb4 50. Ra6+ Kf7 51. b6 Nxb6 52. Rxb6 Rxg4+ 53.
Kf3 Rf4+ 54. Ke2 Rf6 55. Rb5 Kg6 56. Bd4 Rf5 57. Rb6+ Kh5 58. Kd3 Ra5 59. Ke4
Kh4 60. Be3 Kg4 61. Rb1 Ra4+ 62. Bd4 Kh5 63. Ke5 Kg4 64. Rg1+ Kf3 65. Rf1+ Kg4
66. Rf8 Kh3 67. Be3 g4 68. Rh8+ Kg2 69. Bf4 Kf3 1/2-1/2

[Event "Druzynowe Mistrzostwa Polski Juniorow - I Liga 2023"]
[Site "Lublin"]
[Date "1899-12-30"]
[Round "4.16"]
[White "Kozak, Karol"]
[Black "Gruca, Karol"]
[Result "1-0"]
[WhiteTitle "I"]
[BlackTitle "II+"]
[WhiteElo "1492"]
[BlackElo "1484"]

1. e4 c5 2. Nf3 Nc6 3. d4 cxd4 4. Nxd4 g6 5. c4 Nf6 6. Nc3 d6 7. Be2 Nxd4 8. Qxd4
Bg7 9. Be3 O-O 10. Qd3 Be6 11. O-O Qa5 12. Bd4 Rfc8 13. b3 Nd7 14. Bxg7 Kxg7 15.
f4 f5 16. Qd4+ Kf7 17. exf5 Qxf5 18. Ne4 Nc5 19. Ng5+ Kg8 20. b4 Qf6 21. Qe3 h6
22. Nxe6 Nxe6 23. Bg4 Nd4 24. Bxc8 Rxc8 25. Rac1 b6 26. Kh1 Kf7 27. Qh3 Rh8 28.
c5 dxc5 29. bxc5 Qf5 30. Qxf5+ gxf5 31. cxb6 axb6 32. Rc4 Ne6 33. Rb4 Ra8 34.
a4 Nc5 35. Ra1 e6 36. Rxb6 Rxa4 37. Rxa4 Nxa4 38. Rc6 Nb2 39. g3 Nd1 40. Kg2 Ne3+
41. Kf3 Nd5 42. Ra6 h5 43. Ra8 Kg7 44. Re8 Kf7 45. Rh8 Nf6 46. Rb8 Nd5 47. Rh8
Nf6 48. Ra8 Nd5 49. Ke2 h4 50. Kd3 hxg3 51. hxg3 Nf6 52. Kd4 Nh5 53. Ke5 Nxg3
54. Ra7+ Kg6 55. Kxe6 Ne4 56. Ke5 Nc5 57. Ra3 Nd7+ 58. Kd6 Nf6 59. Rg3+ Kh6 60.
Ke5 1-0

[Event "Druzynowe Mistrzostwa Polski Juniorow - I Liga 2023"]
[Site "Lublin"]
[Date "1899-12-30"]
[Round "4.17"]
[White "Bar, Klaudia"]
[Black "Gaczol, Julia"]
[Result "1-0"]
[WhiteTitle "I++"]
[BlackTitle "I+"]
[WhiteElo "1840"]
[BlackElo "1388"]

1. e4 c5 2. g3 Nc6 3. Bg2 g6 4. c3 Bg7 5. Ne2 Nf6 6. d4 cxd4 7. cxd4 d6 8. O-O
O-O 9. h3 Bd7 10. Be3 e6 11. f4 Ne7 12. Nd2 Bc6 13. g4 Nd7 14. g5 f5 15. Qb3 d5
16. e5 Nb6 17. Bf2 Rc8 18. Rfc1 Qd7 19. Qf3 Rc7 20. Nb3 Qc8 21. Nc5 Kf7 22. h4
Nd7 23. h5 Rd8 24. b4 b6 25. Nd3 Qb8 26. Nc3 a6 27. a4 Ba8 28. Bf1 Qb7 29. Na2
Rdc8 30. Rxc7 Rxc7 31. Rc1 Nb8 32. Qd1 Rxc1 33. Qxc1 Qc6 34. Qxc6 Bxc6 35. hxg6+
hxg6 36. Nb2 Bd7 37. Nc3 Bf8 38. b5 a5 39. Kg2 Nc8 40. Nd3 Be7 41. Nb1 Na7 42.
Nb2 Bc8 43. Nd2 Bb7 44. Nb3 Bd8 45. Nd3 Bc8 46. Be1 Ke7 47. Kf3 Ke8 48. Ke3 Kf7
49. Ndc5 Ke7 50. Be2 Kf7 51. Kd3 Ke7 52. Bd1 Kf7 53. Nxa5 bxa5 54. Nb3 Bd7 55.
Bxa5 Bxa5 56. Nxa5 Nxb5 57. axb5 Bxb5+ 58. Kc3 Nc6 59. Nb7 Ke7 60. Nd6 Ba6 61.
Ba4 Kd7 62. Kd2 Kc7 63. Bxc6 Kxc6 64. Nf7 Kd7 65. Nh8 Ke7 66. Nxg6+ Kf7 67. Nh4
Bb5 68. Kc3 Be8 69. Kb4 Ke7 70. Kc5 Bf7 71. g6 Bg8 72. Kc6 Ke8 73. Kd6 Kd8 74.
Nf3 Ke8 75. Ng5 Kf8 76. Nxe6+ Bxe6 77. Kxe6 1-0

[Event "Druzynowe Mistrzostwa Polski Juniorow - I Liga 2023"]
[Site "Lublin"]
[Date "1899-12-30"]
[Round "4.18"]
[White "Nowak, Emilia"]
[Black "Branka, Julia"]
[Result "1-0"]
[WhiteTitle "I"]
[BlackTitle "I"]
[WhiteElo "1307"]
[BlackElo "1433"]

1. e4 c6 2. d4 d5 3. exd5 cxd5 4. Bd3 Nc6 5. c3 Nf6 6. h3 e6 7. Nf3 Bd6 8. O-O
O-O 9. Re1 Rb8 10. a4 a6 11. Na3 Qc7 12. Bg5 Nd7 13. Qc2 h6 14. Bd2 Nb6 15. Qc1
Qe7 16. Bf4 Bxf4 17. Qxf4 Nxa4 18. b3 Nb6 19. Nc2 Bd7 20. Ne3 Rfc8 21. Qg3 Qd8
22. Ng4 Kh8 23. Nge5 Nxe5 24. Nxe5 Be8 25. Rac1 Nd7 26. Qf4 Qf6 27. Qg3 Nxe5 28.
Rxe5 b5 29. Ree1 a5 30. Ra1 a4 31. bxa4 bxa4 32. Bc2 Ra8 33. Ra3 Ra7 34. Rea1
Rb8 35. Qd3 g6 36. Qd1 Qe7 37. Qc1 Kg7 38. Qe3 Qc7 39. h4 Rc8 40. Qd3 Qc4 41.
Qd1 Rb8 42. Bd3 Qc7 43. Bc2 Rc8 44. Qd3 Ra5 45. h5 Bb5 46. Qf3 Rca8 47. hxg6 fxg6
48. Qg4 Qf7 49. Qd1 Rf8 50. f3 Qf4 51. Qe1 Qf7 52. c4 Qb7 53. Qe5+ Kh7 54. cxb5
Rxb5 55. Rxa4 Qf7 56. Ra7 Rb7 57. Rxb7 Qxb7 58. Qxe6 Qg7 59. Qxd5 Rc8 60. Be4
Qe7 61. Qb7 Rc7 62. Ra7 Rxb7 63. Rxb7 Qxb7 64. Bxb7 Kg7 65. Kf2 Kf6 66. Ke3 Ke6
67. Ke4 Kd6 68. d5 h5 69. Bc8 g5 70. Bf5 h4 71. Bg4 h3 72. gxh3 1-0

[Event "Druzynowe Mistrzostwa Polski Juniorow - I Liga 2023"]
[Site "Lublin"]
[Date "1899-12-30"]
[Round "4.19"]
[White "Pisarek, Jan"]
[Black "Smetek, Michal"]
[Result "1/2-1/2"]
[WhiteTitle "I"]
[BlackTitle "I++"]
[WhiteElo "1956"]
[BlackElo "1956"]

1. e4 c6 2. Nf3 d5 3. Nc3 Bg4 4. h3 Bxf3 5. Qxf3 e6 6. g3 Nf6 7. Bg2 Be7 8. O-O
O-O 9. Qe2 a5 10. d4 Nbd7 11. e5 Ne8 12. Nd1 a4 13. f4 g6 14. g4 Ng7 15. Nf2 c5
16. c3 cxd4 17. cxd4 Nb8 18. Be3 Nc6 19. Nh1 Qb6 20. Rad1 Qa6 21. Qf3 f6 22. exf6
Rxf6 23. Ng3 Raf8 24. Qe2 Qb6 25. Qd2 Na5 26. Qc2 Nc4 27. Bc1 Bd6 28. Ne2 a3 29.
b3 Na5 30. Kh1 Nc6 31. Be3 Qa6 32. Qd2 R6f7 33. Rc1 Rc7 34. Rfd1 Rfc8 35. Bf1
Qb6 36. Kg2 Ne8 37. Ng3 Nb4 38. Rxc7 Qxc7 39. Qf2 Nf6 40. Bd3 Nxd3 41. Rxd3 Bb4
42. Rd1 Bd6 43. Rc1 Qd7 44. Qd2 Kf7 45. Kf3 Rc6 46. Rxc6 Qxc6 47. Qd3 b5 1/2-1/2